| 000 | 00578nam a2200169Ia 4500 | ||
|---|---|---|---|
| 008 | 090201s9999 xx 000 0 und d | ||
| 010 | _aKPL-44620 | ||
| 040 | _bमराठी | ||
| 041 | _aमराठी | ||
| 082 |
_a31832 _b44620 |
||
| 100 | _aमाणेकलाल म पटेल | ||
| 245 |
_a100 वर्षे निरोगी रहा _cमाणेकलाल म पटेल |
||
| 260 |
_c2004 _bगाला पब्लिशर्स |
||
| 300 |
_a280 _bमोठा |
||
| 600 | _a100 वर्षे निरोगी रहा | ||
| 942 | _cBOOK | ||
| 999 |
_c230231 _d230231 |
||